College Football Matchups: Florida State - Statistics

General Stats
  • This quiz has been taken 215 times
    31 since last reset
  • The average score is 12 of 16
Answer Stats
Games Opponent Subdivison % Correct
69 Florida Power 4
100%
70 Miami Power 4
96%
38 Clemson Power 4
89%
28 Georgia Tech Power 4
89%
23 Duke Power 4
85%
22 North Carolina Power 4
85%
20 Virginia Power 4
85%
22 Boston College Power 4
81%
39 Virginia Tech Power 4
81%
44 NC State Power 4
78%
42 Wake Forest Power 4
74%
24 Louisville Power 4
67%
24 Maryland Power 4
59%
*19 Auburn Power 4
44%
24 Southern Miss Group of 5
26%
*19 Memphis Group of 5
22%
No matching quizzes found
Score Distribution
Percent of People with Each Score
Percentile by Number Answered
Your Score History
You have not taken this quiz since the last reset